Quiz Argentina - ¿Cuál ciudad...? - Estadísticas

Estadísticas generales
  • Esta prueba ha sido intentada 218 veces
  • La puntuación promedio es 6 de 9
Estadísticas de respuestas
Hint Respuesta % Correcto
...es la capital del país Buenos Aires
100%
...hospedó la reunión donde se proclamó la Independencia de Argentina San Miguel de Tucumán
91%
...es la capital de la provincia más poblada La Plata
87%
...es la más sureña del país Ushuaia
86%
...se ubica en la triple frontera con Brasil y Paraguay Puerto Iguazú
73%
...vio nacer a José de San Martín, libertador del país y el continente Yapeyú
63%
...es la ciudad más poblada de la Patagonia Neuquén
58%
...es la única con +50.000 habitantes al norte del Trópico de Capricornio San Ramón de la Nueva Orán
26%
...es la ciudad más poblada del Conurbano Bonaerense Merlo
12%
No se encontraron pruebas coincidentes
Distribución de puntuación
Porcentaje de gente con cada puntuación
Porcentaje por número respondido
Historial de tus puntuaciones
No has intentado esta prueba.